| 000 | 00431pab a2200157 454500 | ||
|---|---|---|---|
| 008 | 180718b2008 xxu||||| |||| 00| 0 eng d | ||
| 100 | _aDinham, Adam | ||
| 245 | _aCommentary: from faith in the city to faithful cities: the `third way', the church of England and urban regeneration | ||
| 260 | _c2008 | ||
| 300 | _ap.2163-174. | ||
| 362 | _aSep | ||
| 650 | _aChurch | ||
| 773 | _aUrban Studies | ||
| 908 | _aN | ||
| 909 | _a80033 | ||
| 999 |
_c80033 _d80033 |
||